00814 2200301 4500001002100000005001500021035002000036007000300056040001700059245005600076250001200132300003600144020002200180041000800202082000800210084001400218090002200232264003400254336002100288337003000309338002300339500002600362650001200388700004000400850001000440008004100450990002100491INLIS00000000000741220260602025950 a0010-0822000386ta aSBPUPADbind aSmoothie Lezat Berkhasiat /cDyah Novieta Handayani a.-cet.1 a63 hlm :bilus. ;c15,5 x 20 cm a978-979-033-881-407aind a641 a641 DYA s a641 BAM s L20-6 a.--Jakarta :bErlangga,c2009 2rdacontentateks 2rdamediaatanpa perantara 2rdacarrieravolume aGlosarium, hlm. 62-63 4aMinuman0 aEditor, Theresia Vini .SePengarang aPUPAD260602 0  a836/BR/KAPD/2011